000 00399nam a2200157Ia 4500
008 180921t2012 xxu||||| |||| 00| 0 eng d
041 _aeng
080 _a59
_bWIJ
100 _aWijeratne, Chanith
245 _aWildlife of Wilpattu at Lens Range
260 _bTissa Wijeratne
_aAustralia
_c2012
300 _a67, 21 cm
942 _cBK
999 _c13443
_d13443
003 LK-CoDNM
040 _aLK-CoDNM
_dLK-CoDNM
_eLK-CoDNM